Developing object-oriented data structures using C++
Introduction to object-oriented programming; Introduction to abstract data types; Creating data structures using VDM and C++; Object modelling and case study.
Guardado en:
| Autor principal: | |
|---|---|
| Formato: | Libro |
| Lenguaje: | Undetermined |
| Publicado: |
London
McGraw-Hill
1995
|
| Materias: | |
| Etiquetas: |
Agregar Etiqueta
Sin Etiquetas, Sea el primero en etiquetar este registro!
|
| Thư viện lưu trữ: | Trung tâm Học liệu Trường Đại học Cần Thơ |
|---|
| LEADER | 00795nam a2200193Ia 4500 | ||
|---|---|---|---|
| 001 | CTU_23343 | ||
| 008 | 210402s9999 xx 000 0 und d | ||
| 082 | |a 005.73 | ||
| 082 | |b M749 | ||
| 100 | |a Alistair McMonnies | ||
| 245 | 0 | |a Developing object-oriented data structures using C++ | |
| 245 | 0 | |c Alistair McMonnies, W. Stewart McSporran | |
| 260 | |a London | ||
| 260 | |b McGraw-Hill | ||
| 260 | |c 1995 | ||
| 520 | |a Introduction to object-oriented programming; Introduction to abstract data types; Creating data structures using VDM and C++; Object modelling and case study. | ||
| 650 | |a C (computer program language),Data structures (computer science),Object-oriented programming (computer science) | ||
| 904 | |i Quyên,980523 | ||
| 980 | |a Trung tâm Học liệu Trường Đại học Cần Thơ | ||